| 000 | 00497nab a2200193 a 4500 | ||
|---|---|---|---|
| 005 | 20210219160909.0 | ||
| 008 | 991125s1985 mx 000 0 spa u | ||
| 035 | _aUPN01000174877 | ||
| 100 | 1 | _aValdés Vázquez, Karla | |
| 222 | _aROMPAN FILAS | ||
| 245 | _a¿ Cómo es el sueño en los infantes ? | ||
| 260 | _aMéxico | ||
| 300 | _a3-11 | ||
| 362 | 0 | _a2009 Año 18, no. 101, jul.-ago. | |
| 653 | 0 | _aSUEÑO | |
| 653 | 0 | _aNIÑOS | |
| 653 | 0 | _aTRASTORNO DEL SUEÑO | |
| 905 | _aArticulo | ||
| 999 |
_c146981 _d146981 |
||